[Event "Kragero op"]
[Site "Kragero"]
[Date "2023.02.25"]
[Round "8"]
[White "Austad, Eirik Strom"]
[Black "Khachatryan, Vahagn"]
[Result "1/2-1/2"]
[WhiteElo "2076"]
[BlackElo "2252"]
[PlyCount "69"]
[EventDate "2023.02.22"]
[EventType "swiss"]
[EventRounds "9"]
[EventCountry "NOR"]
[SourceTitle "CBM 212 Extra"]
[Source "ChessBase"]
[SourceDate "2023.03.31"]
[SourceVersion "1"]
[SourceVersionDate "2023.03.31"]
[SourceQuality "1"]

1. e4 Nf6 2. e5 Nd5 3. d4 d6 4. Nf3 Bg4 5. Be2 c6 6. c4 Nb6 7. Nbd2 dxe5 8. Nxe5 Bxe2 9. Qxe2 e6 10. 0-0 Be7 11. Ndf3 N8d7 12. b3 0-0 13. Bb2 Nxe5 14. dxe5 Qc7 15. Qe3 Rfd8 16. Rad1 Rxd1 17. Rxd1 Rd8 18. Rxd8+ Qxd8 19. Qd4 a5 20. Nd2 Qxd4 21. Bxd4 c5 22. Bc3 a4 23. Ne4 axb3 24. axb3 h5 25. f4 Kf8 26. Kf2 Ke8 27. Kf3 Nc8 28. Ke3 Kd7 29. h3 g6 30. Nd2 Kc6 31. g4 hxg4 32. hxg4 b5 33. Ke4 b4 34. Bb2 Kd7 35. g5 1/2-1/2

[Event "Kragero op"]
[Site "Kragero"]
[Date "2023.02.23"]
[Round "4"]
[White "Austad, Eirik Strom"]
[Black "Hamitevici, Vladimir"]
[Result "0-1"]
[WhiteElo "2076"]
[BlackElo "2499"]
[PlyCount "72"]
[EventDate "2023.02.22"]
[EventType "swiss"]
[EventRounds "9"]
[EventCountry "NOR"]
[SourceTitle "CBM 212 Extra"]
[Source "ChessBase"]
[SourceDate "2023.03.31"]
[SourceVersion "1"]
[SourceVersionDate "2023.03.31"]
[SourceQuality "1"]

1. e4 e5 2. Nf3 Nc6 3. Bb5 a6 4. Ba4 Nge7 5. 0-0 d6 6. c3 Bd7 7. d4 Ng6 8. d5 Nb8 9. Bxd7+ Qxd7 10. c4 a5 11. Nc3 Be7 12. Be3 0-0 13. Nd2 Na6 14. a3 Nf4 15. c5 Nxc5 16. Bxc5 dxc5 17. Nc4 Bd6 18. a4 f5 19. f3 Rf6 20. Kh1 Rh6 21. g3 Nh5 22. Rg1 Nf6 23. Qe2 b6 24. Ne3 g6 25. g4 f4 26. Nc4 g5 27. Kg2 Rf8 28. Raf1 Rh4 29. h3 h5 30. Nd2 Qh7 31. Rh1 Kg7 32. Nd1 c4 33. Nxc4 hxg4 34. hxg4 Rh8 35. Rxh4 Qxh4 36. Rg1 Bc5 0-1

[Event "Fagernes Autumn op"]
[Site "Fagernes"]
[Date "2022.10.15"]
[Round "8"]
[White "Perkampus, Laurin"]
[Black "Austad, Eirik Strom"]
[Result "1/2-1/2"]
[WhiteElo "2123"]
[BlackElo "1985"]
[PlyCount "75"]
[EventDate "2022.10.09"]
[EventType "swiss"]
[EventRounds "9"]
[EventCountry "NOR"]
[SourceTitle "CBM 210 Extra"]
[Source "ChessBase"]
[SourceDate "2022.11.30"]
[SourceVersion "1"]
[SourceVersionDate "2022.11.30"]
[SourceQuality "1"]

1. d4 Nf6 2. c4 e6 3. Nc3 Bb4 4. Qc2 0-0 5. e4 d5 6. e5 Ne4 7. Bd3 c5 8. Nge2 cxd4 9. Nxd4 Nd7 10. Bf4 Qh4 11. g3 Qh5 12. 0-0 g5 13. cxd5 Bxc3 14. bxc3 exd5 15. Be3 Nxe5 16. f3 Nxd3 17. Qxd3 Nd6 18. g4 Qg6 19. Qxg6+ fxg6 20. Bxg5 Rf7 21. Rfe1 Bd7 22. Re5 Nb5 23. Rxd5 Nxc3 24. Rc5 Na4 25. Rc7 b6 26. Kg2 Nc5 27. Re1 Na6 28. Rb7 Nc5 29. Rc7 Na6 30. Rc3 Nc5 31. Rce3 Ba4 32. Ne6 Nxe6 33. Rxe6 Rc8 34. Bh6 Rb7 35. Kg3 Kf7 36. Bg5 Re8 37. Rf6+ Kg7 38. Rfe6 1/2-1/2

[Event "Kragero op"]
[Site "Kragero"]
[Date "2022.02.25"]
[Round "5"]
[White "Al Tarbosh, Ward"]
[Black "Austad, Eirik Strom"]
[Result "1-0"]
[WhiteElo "2221"]
[BlackElo "2055"]
[PlyCount "73"]
[EventDate "2022.02.23"]
[EventType "swiss"]
[EventRounds "9"]
[EventCountry "NOR"]
[SourceTitle "CBM 207 Extra"]
[Source "ChessBase"]
[SourceDate "2022.05.31"]
[SourceVersion "1"]
[SourceVersionDate "2022.05.31"]
[SourceQuality "1"]

1. e4 e5 2. Nf3 Nc6 3. Bb5 a6 4. Ba4 Nf6 5. 0-0 Be7 6. Qe2 b5 7. Bb3 d6 8. c3 0-0 9. Rd1 Be6 10. Bxe6 fxe6 11. d4 Qe8 12. a4 exd4 13. cxd4 Na5 14. Bg5 d5 15. axb5 axb5 16. Nbd2 Bb4 17. e5 Nh5 18. Nf1 Nf4 19. Bxf4 Rxf4 20. Ng3 Qd7 21. Ne1 Rff8 22. Nd3 Be7 23. Qg4 Qe8 24. Qxe6+ Qf7 25. Qd7 c6 26. f4 Rfd8 27. Qf5 Nb3 28. Rxa8 Rxa8 29. Nc1 Nxd4 30. Qxf7+ Kxf7 31. Rxd4 Bc5 32. Nb3 Bxd4+ 33. Nxd4 Ra4 34. Ngf5 c5 35. e6+ Ke8 36. Nxb5 Re4 37. Nbd6+ 1-0

[Event "Kragero Sept op"]
[Site "Kragero"]
[Date "2020.09.05"]
[Round "4"]
[White "Austad, Eirik Strom"]
[Black "Paulsen, Stig Atle"]
[Result "0-1"]
[WhiteElo "1914"]
[BlackElo "1624"]
[PlyCount "62"]
[EventDate "2020.09.04"]
[EventType "swiss"]
[EventRounds "6"]
[EventCountry "NOR"]
[SourceTitle "CBM 198 Extra"]
[Source "ChessBase"]
[SourceDate "2020.11.30"]
[SourceVersion "1"]
[SourceVersionDate "2020.11.30"]
[SourceQuality "1"]

1. c4 e5 2. Nc3 Nc6 3. Nf3 Bc5 4. e3 Nf6 5. a3 a5 6. Be2 0-0 7. Qc2 h6 8. 0-0 d5 9. cxd5 Nxd5 10. d3 Be6 11. Bd2 Qe7 12. Nxe5 Nxe5 13. d4 Bd6 14. dxe5 Bxe5 15. f4 Bxc3 16. bxc3 Qc5 17. Qe4 Rae8 18. Bd3 f5 19. Qd4 Qe7 20. e4 Nf6 21. exf5 Bd7 22. Rfe1 Qd8 23. h3 Qc8 24. g4 Rd8 25. Re5 b6 26. Rd1 Kh8 27. Qc4 Qb7 28. g5 Qf3 29. gxf6 gxf6 30. Bf1 Rg8+ 31. Kh2 Qg3+ 0-1

[Event "Skien-ch U20"]
[Site "Skien"]
[Date "2019.11.10"]
[Round "7"]
[White "Nordquelle, Amelia"]
[Black "Austad, Eirik Strom"]
[Result "0-1"]
[WhiteElo "1670"]
[BlackElo "1753"]
[PlyCount "72"]
[EventDate "2019.11.08"]
[EventType "swiss"]
[EventRounds "7"]
[EventCountry "NOR"]
[SourceTitle "CBM 193 Extra"]
[Source "ChessBase"]
[SourceDate "2020.01.31"]
[SourceVersion "1"]
[SourceVersionDate "2020.01.31"]
[SourceQuality "1"]

1. d4 Nf6 2. c4 g6 3. Nc3 Bg7 4. g3 0-0 5. Bg2 d6 6. e4 Na6 7. Nge2 c5 8. d5 e5 9. 0-0 Nc7 10. f4 exf4 11. gxf4 Nd7 12. Qd3 Rb8 13. Be3 a6 14. a4 b6 15. Rfe1 Nf6 16. h3 Nh5 17. Kh2 f5 18. Rf1 fxe4 19. Bxe4 Qh4 20. Bf2 Qe7 21. Be3 Bf5 22. Bxf5 Rxf5 23. Rae1 Re8 24. Ng3 Nxg3 25. Kxg3 Qd7 26. Kh2 Ref8 27. Ne4 Bh6 28. Qb3 b5 29. axb5 axb5 30. cxb5 Nxb5 31. Kg3 Nd4 32. Qc4 Rh5 33. Nf2 Nf5+ 34. Kf3 Nxe3 35. Kxe3 Rxf4 36. Qe2 Re5+ 0-1

[Event "Kragero Grand Prix B"]
[Site "Kragero"]
[Date "2018.08.31"]
[Round "5"]
[White "Westrum, Kim Roger Hansen"]
[Black "Austad, Eirik Strom"]
[Result "1-0"]
[WhiteElo "1545"]
[BlackElo "1402"]
[PlyCount "75"]
[EventDate "2018.08.31"]
[EventType "swiss"]
[EventRounds "6"]
[EventCountry "NOR"]
[SourceTitle "EXT 2024"]
[Source "ChessBase"]
[SourceDate "2023.10.10"]
[SourceVersion "1"]
[SourceVersionDate "2023.10.10"]
[SourceQuality "1"]

1. Nf3 Nf6 2. d4 d5 3. Bf4 e6 4. e3 c5 5. c3 Nc6 6. Bd3 Qb6 7. b3 c4 8. Be2 Ne4 9. Nfd2 Nxd2 10. Nxd2 Qa5 11. Qc1 b5 12. b4 Qb6 13. e4 Ne7 14. Bf3 Bb7 15. Qc2 Ng6 16. Bg3 Rd8 17. a4 a6 18. 0-0 Be7 19. axb5 axb5 20. Rfe1 Bg5 21. exd5 Bxd5 22. Bxd5 Rxd5 23. Ne4 Be7 24. Nc5 Bxc5 25. dxc5 Qc6 26. Bd6 Ne7 27. Ra7 Nc8 28. Rc7 Qa6 29. Qe4 Rd3 30. Qh4 Rxd6 31. cxd6 0-0 32. d7 f6 33. Rxc8 Rxc8 34. dxc8Q+ Qxc8 35. Qe4 Kf7 36. Qxh7 Qd7 37. Qh5+ Kg8 38. Rd1 1-0